Nepo babies - Statistics

General Stats
  • This quiz has been taken 50 times
    27 since last reset
  • The average score is 46 of 137
Answer Stats
Hint Answer % Correct
Miley Cyrus Billy Ray Cyrus
90%
Jaden, Willow Smith Jada Pinkett Smith, Will Smith
85%
Brooklyn, Cruz Beckham Victoria Beckham, David Beckham
85%
Zoë Kravitz Lisa Bonet, Lenny Kravitz
80%
Maya Hawke Uma Thurman, Ethan Hawke
80%
Cazzie David Laurie Davis, Larry David
70%
Maude, Iris Apatow Leslie Mann, Judd Apatow
70%
Lily-Rose Depp Vanessa Paradis, Johnny Depp
65%
Sofia Coppola Francis Ford Coppola
55%
Patrick Schwarzenegger Maria Shriver, Arnold Schwarzenegger
55%
Dakota Johnson Melanie Griffith, Don Johnson
55%
Lily Collins Phil Collins
55%
Chet Hanks Tom Hanks
55%
Tracee Ellis Ross Diana Ross
50%
Jane, Peter Fonda Henry Fonda
50%
Gracie Abrams JJ Abrams
50%
Jack Quaid Meg Ryan, Dennis Quaid
50%
Alexander, Gustaf, Bill, Valter Skarsgård Stellan Skarsgård
50%
Liam, Luke Hemsworth Chris Hemsworth
45%
Scott Eastwood Clint Eastwood
45%
Kiefer Sutherland Donald Sutherland
45%
Emma Roberts Eric Roberts
45%
Sofia, Nicole Richie Lionel Richie
45%
Elizabeth Olsen Mary-Kate and Ashley Olsen
45%
Lewis Pullman Bill Pullman
40%
Grace Van Dien Carrie Mitchum, Casper Van Dien
40%
Kaia Gerber Cindy Crawford
40%
Oona Chaplin Geraldine Chaplin
40%
Ray Nicholson Jack Nicholson
40%
Charlotte Gainsbourg Jane Birkin, Serge Gainsbourg
40%
Jamie Lee Curtis Janet Leigh, Tony Curtis
40%
Ben Platt Marc Platt
40%
Rashida Jones Peggy Lipton, Quincy Jones
40%
Lori Harvey Steve Harvey
40%
Jack Kilmer Val Kilmer
40%
Ella Beatty Annette Bening, Warren Beatty
35%
Nicolas Cage August Coppola
35%
Billie Lourd Carrie Fisher, Bryan Lourd
35%
Damon Wayans Jr. Damon Wayans
35%
Carrie Fisher Debbie Reynolds, Eddie Fisher
35%
Laura Dern Diane Ladd, Bruce Dern
35%
Josh Brolin James Brolin
35%
Michael Gandolfini James Gandolfini
35%
Mariska Hargitay Jayne Mansfield, Mickey Hargitay
35%
Liza Minnelli Judy Garland, Vincente Minnelli
35%
Sarah Sutherland Kiefer Sutherland
35%
Michael Douglas Kirk Douglas
35%
Sosie Bacon Kyra Sedgwick, Kevin Bacon
35%
Charlie Sheen, Emilio Estevez Martin Sheen
35%
Maya Rudolph Minnie Riperton, Richard Rudolph
35%
Dylan, Hopper Penn Robin Wright, Sean Penn
35%
Jasmine Cephas Jones Ron Cephas Jones
35%
George Clooney Rosemary Clooney
35%
Rafferty Law Sadie Frost, Jude Law
35%
Romy Mars Sofia Coppola, Thomas Mars
35%
Liv Tyler Steven Tyler
35%
Miles Robbins Susan Sarandon, Tim Robbins
35%
Taissa Farmiga Vera Farmiga
35%
Lily, Alfie Allen Alison Owen, Keith Allen
30%
Margaret Qualley Andie MacDowell
30%
Ben Stiller Anne Meara, Jerry Stiller
30%
Max Minghella Anthony Minghella
30%
Ansel Elgort Arthur Elgort
30%
Rebecca Miller Arthur Miller
30%
Gwyneth Paltrow Blythe Danner, Bruce Paltrow
30%
Domhnall, Brian Gleeson Brendan Gleeson
30%
Jack Dylan Grazer Brian Grazer
30%
Allison Williams Brian Williams
30%
Zooey, Emily Deschanel Caleb Deschanel
30%
Aoife Hinds Ciarán Hinds
30%
Mason Gooding Cuba Gooding Jr.
30%
Katie Cassidy David Cassidy
30%
Blake, Robyn Lively Ernie Lively
30%
Clara McGregor Ewan McGregor
30%
True Whitaker Forest Whitaker
30%
Nick Cassavetes Gena Rowlands, John Cassavetes
30%
Campbell Scott George C. Scott
30%
Kate Hudson Goldie Hawn
30%
Wyatt Russell Goldie Hawn, Kurt Russell
30%
Bess Carter Imelda Staunton, Jim Carter
30%
Isabella Rossellini Ingrid Bergman, Roberto Rossellini
30%
Lily Rabe Jill Clayburgh, David Rabe
30%
Jennifer Grey Joel Grey
30%
Drew Barrymore John Barrymore
30%
Anjelica, Danny Huston John Huston
30%
Isa Briones Jon Jon Briones
30%
Angelina Jolie Jon Voight
30%
Zoey Deutch Lea Thompson, Howard Deutch
30%
Mamie, Grace, Louisa Gummer Meryl Streep
30%
Ever Anderson Milla Jovovich, Paul W.S. Anderson
30%
Jake, Maggie Gyllenhaal Naomi Foner, Stephen Gyllenhaal
30%
Gideon Adlon Pamela Adlon
30%
Sean Astin Patty Duke, John Astin
30%
Kathryn Gallagher Peter Gallagher
30%
Lucas Hedges Peter Hedges
30%
Cooper Hoffman Philip Seymour Hoffman
30%
Helena Bonham Carter Raymond Bonham Carter
30%
Adria Arjona Ricardo Arjona
30%
Bryce Dallas Howard Ron Howard
30%
Tatum O’Neal Ryan O’Neal
30%
Keira Knightley Sharman Macdonald, Will Knightley
30%
West Duchovny Téa Leoni, David Duchovny
30%
Melanie Griffith Tippi Hedren, Peter Griffith
30%
Natasha, Joely Richardson Vanessa Redgrave, Tony Richardson
30%
Sam Levinson Barry Levinson
25%
Abby Elliott Chris Elliott
25%
Sam Nivola Emily Mortimer, Alessandro Nivola
25%
Samuel Kircher Irène Jacob, Maurice Kircher
25%
Molly Gordon Jessie Nelson, Bryan Gordon
25%
Sydney Chandler Kyle Chandler
25%
Jake Kasdan Lawrence Kasdan
25%
Zosia Mamet Lindsay Crouse, David Mamet
25%
Riley Keough Lisa Marie Presley
25%
Ishana, Saleka Shyamalan M. Night Shyamalan
25%
Hallie Meyers-Shyer Nancy Meyers, Charles Shyer
25%
Mira Sorvino Paul Sorvino
25%
Zoe Kazan Robin Swicord, Nicholas Kazan
25%
Katherine Waterston Sam Waterston
25%
Nico Parker Thandiwe Newton, Ol Parker
25%
Rafe Spall Timothy Spall
25%
Grace Van Patten Tim Van Patten
25%
Fiona Dourif Brad Dourif
20%
Duncan Jones David Bowie
20%
Mia Threapleton Kate Winslet
20%
Eve Hewson Bono
15%
O’Shea Jackson Jr. Ice Cube
15%
Beanie Feldstein Jonah Hill
15%
Taylor Dearden Bryan Cranston
5%
Leila George Greta Scacchi, Vincent D’Onofrio
5%
Alice Englert Jane Campion
5%
Jackson White Katey Sagal
5%
Hannah Einbinder Laraine Newman
5%
Nat, Alex Wolff Polly Draper
5%
Martha Plimpton Shelley Plimpton, Keith Carradine
5%
Jennifer Jason Leigh Vic Morrow
5%
Benedict Cumberbatch Wanda Ventham, Timothy Carlton
5%
No matching quizzes found
Score Distribution
Percent of People with Each Score
Percentile by Number Answered
Your Score History
You have not taken this quiz since the last reset